| 000 | 00916nam a22003017a 4500 | ||
|---|---|---|---|
| 001 | BR2014003325 | ||
| 003 | BR-BrBNA | ||
| 005 | 20230928104448.0 | ||
| 007 | ta | ||
| 008 | 230509b bl.||||| |||| 00| 0 por d | ||
| 040 |
_aBR-BrBNA _bpor _cBiblioteca Nacional de Agricultura |
||
| 041 | _a(Por) | ||
| 072 |
_aL10 _b5250 |
||
| 090 | _ 5250 BR2014003325 | ||
| 100 | 1 | _aSoares, A.T. | |
| 100 | 1 | _aLemos, P.F.B. de A. | |
| 110 | 1 |
_aEmpresa Estadual de Pesquisa Agropecuária da Paraíba, João Pessoa , PB (Brasil) _94212 |
|
| 245 | 1 | _aManejo reprodutivo em caprinos inseminação artificial | |
| 250 | 1 | _a1. ed. | |
| 260 | 3 |
_aJoão Pessoa, PB (Brasil): _c2013. |
|
| 300 | _a123 p. | ||
| 500 | _aIncludes several bibliographies; 12 illus.; 5 tables | ||
| 650 | _aCAPRINO | ||
| 650 | _aINSEMINAÇÃO ARTIFICIAL | ||
| 650 | _aREPRODUÇÃO ANIMAL | ||
| 909 |
_a202309 _bLucia _c55 _dLucia Elande |
||
| 942 | _cBK | ||
| 999 |
_c80044 _d80044 |
||